Normal view
MARC view
- Niazi, Haris Khan
Entry Personal Name
001 - CONTROL NUMBER
- control field: 51680
003 - CONTROL NUMBER IDENTIFIER
- control field: NUST
005 - DATE AND TIME OF LATEST TRANSACTION
- control field: 20210314135032.0
008 - FIXED-LENGTH DATA ELEMENTS
- fixed length control field: 210314|| aca||aabn | a|a d
040 ## - CATALOGING SOURCE
- Original cataloging agency: NUST
- Transcribing agency: NUST
100 ## - HEADING--PERSONAL NAME
- Personal name: Niazi, Haris Khan
670 ## - SOURCE DATA FOUND
- Source citation: Work cat.: (NUST): Rohail, Umar 51679, Strength of concrete slab using waste materials , 2019.
